书目信息 |
| 题名: |
为什么是丰田
|
|
| 作者: | 若松义人 著 ;史春花 , 陈言 译 | |
| 分册: | ||
| 出版信息: | 北京 京华出版社 2008 |
|
| 页数: | 14,282页 | |
| 开本: | 23cm | |
| 丛书名: | ||
| 单 册: | ||
| 中图分类: | F431.364 | |
| 科图分类: | ||
| 主题词: | 工业企业管理 | |
| 电子资源: | ||
| ISBN: | 978-7-80724-608-4 | |
| 000 | 01187nam0 2200301 45 | |
| 001 | 1050698828 | |
| 005 | 20100415170309.01 | |
| 010 | @a978-7-80724-608-4@dCNY29.00 | |
| 100 | @a20100408d2008 ekmy0chiy0120 ea | |
| 101 | 1 | @achi@cjpn |
| 102 | @aCN@b110000 | |
| 105 | @aa z 000yd | |
| 106 | @ar | |
| 200 | 1 | @a为什么是丰田@AWei Shen Me Shi Feng Tian@e成为第一的方法和七个习惯@ECheng Wei Di Yi De Fang Fa He Qi Ge Xi Guan@f(日)若松义人著@F( Ri ) Ruo Song Yi Ren Zhu@g史春花,陈言译 |
| 210 | @a北京@c京华出版社@d2008 | |
| 215 | @a14,282页@c图@d23cm | |
| 300 | @a新势智库 | |
| 330 | @a本书分为“成为第一的改善方法”和“最强丰田的七个习惯”两部分,将丰田的管理哲学感性化的表述为七个习惯和工作改进方法,将通常深奥难懂的“商业理论”转变为通俗易懂的“普及读物”。 | |
| 517 | 1 | @a成为第一的方法和七个习惯@ACheng Wei Di Yi De Fang Fa He Qi Ge Xi Guan |
| 601 | 1 | @a丰田汽车公司@x工业企业管理@x经验 |
| 601 | 1 | @a丰田汽车公司 |
| 606 | 0 | @a工业企业管理 |
| 690 | @aF431.364@v4 | |
| 701 | 0 | @a若松义人@ARuo Song Yi Ren@f(1937~)@4著 |
| 702 | 0 | @a史春花@AShi Chun Hua@4译 |
| 702 | 0 | @a陈言@AChen Yan@4译 |
| 801 | 0 | @aCN@bTANGWEI@c20100415 |
| 905 | @b0589627-31@dF431.364@e50@f5 | |
| 为什么是丰田:成为第一的方法和七个习惯/(日)若松义人著/史春花,陈言译.-北京:京华出版社,2008 |
| 14,282页:图;23cm |
| 新势智库 |
| ISBN 978-7-80724-608-4:CNY29.00 |
| 本书分为“成为第一的改善方法”和“最强丰田的七个习惯”两部分,将丰田的管理哲学感性化的表述为七个习惯和工作改进方法,将通常深奥难懂的“商业理论”转变为通俗易懂的“普及读物”。 |
| ● |
| 相关链接 |
|
|
|
|
正题名:为什么是丰田
索取号:F431.364/50
 
预约/预借
| 序号 | 登录号 | 条形码 | 馆藏地/架位号 | 状态 | 备注 |
| 1 | 0589627 | 205896271 | 第一样本阅览室/ [索取号:F431.364/50] | 在馆 | |
| 2 | 0589628 | 205896280 | 第一借阅区/ [索取号:F431.364/50] | 在馆 | |
| 3 | 0589629 | 205896299 | 第一借阅区/ [索取号:F431.364/50] | 在馆 | |
| 4 | 0589630 | 205896306 | 第一借阅区/ [索取号:F431.364/50] | 在馆 | |
| 5 | 0589631 | 205896315 | 第一借阅区/ [索取号:F431.364/50] | 在馆 |